1755 1049 1170 1514 1232 1717 1911 1822 1913 1138 1421 1868 1636 1826 1489 1653 1561 1355 1741 1546 1542 1409 1780 1891 1331 1132 1145 1184 1798 1266 1684 1531 1621 1977 1755 1335 1786 1751 1975 1257 1669 1057 1390 1596 1253 1475 1782 1182 1891 1765 1682 1943 1845 1032 1334 1124 1681 1817 1424 1258 1275 1615 1739 1459 1956 1275 1324 1104 1912 1988 1428 1248 1294 1180 1478 1396 1172 1811 1808 1541 1494 1400 1034 1988 1643 1191 1087 1181 1505 1099 1800 1737 1506 1883 1817 1077 1239 1129 1983 BCNSPRNW ULIB Ver.6.0+V

เปลี่ยนเป็นภาษาไทย

Change to English
 แสดงรายละเอียดบรรณานุกรม
  กลับหน้าหลัก

Brief Record : Get Marc (ISO 2709) : E-mail record : QR code < ปิดหน้าต่าง
LEADER : 00000nam 2200000uu 4500
001    13399114347
003     ULIB
008    120323s2552||||th 000 0 tha d
020    ^a9786165120036
050 04 ^aTT890^bศ855ง 2552
100 0  ^aภาสุรี ฮามวงศ์
245 10 ^aงานประดิษฐ์จากเศษวัสดุธรรมชาติ /^cภาสุรี ฮามวงศ์
250    ^aพิมพ์ครั้งที่ 1
260    ^aกรุงเทพฯ :^bวิจิตรศิลป์,^c2552
300    ^a64 หน้า :^bภาพประกอบ
650  7 ^aการประดิษฐ์ด้วยเศษวัสดุธรรมชาติ
650  7 ^aการประดิษฐ์ด้วยเศษวัสดุ
945    ^p160^l0^i17786
995    ^aกัณชพร
999 ^a ใช้งานได้ทุกระบบ
รายการนี้ยังไม่มีแท็ก
คุณยังไม่ได้ล็อกอิน คุณสามารถมีกิจกรรมร่วมกับเว็บไซต์ได้ แต่ต้องล็อกอินก่อน ::
  ล็อกอิน

รายการสื่อสารสนเทศ

ลำดับที่ ประเภท เลขเรียก/บาร์โค้ด สถานที่ สถานะ
- ไม่พบข้อมูล -

รายการใกล้เคียง
    หัวเรื่อง [การประดิษฐ์ด้วยเศษวัสดุ]

BibComment


ยังไม่เคยถูกคอมเมนท์

คอมเมนท์ทรัพยากรรายการนี้
  คอมเมนท์: งานประดิษฐ์จากเศ..


 Copyright 2026. Bcnsprnw @Library